000 00290nam a22001337a 4500
008 180116b xxu||||| |||| 00| 0 eng d
020 _a9780962855030
041 _aeng
080 _a612.39
100 _a10
101 _aNUT
245 _aTHE FOUR INGREDIENT
_cCoffee,L
942 _2udc
_cBK
999 _c40381
_d40381